Complète les paroles Tiakola (Facile) - Statistiques

Statistiques générales
  • Ce quiz a été pris 293 fois
  • Le résultat moyen est 3 sur 10
Statistiques - réponses
Hint Réponse % Correct
T.I.A K et O rime avec La mélo
89%
Trois fois canon Didi Stone
62%
Parisien j’etais dans une Autre dame
36%
Quand j’traînais en bas de la zone On m’voyait en mauvais
35%
Du mal a m’l’avouer Que nous deux c’est terminé
32%
J’suis dans paname Y’a pas d’distractions
32%
Torse nu j’recompte du Jaune et du vert
17%
On level up on change De palier
9%
Le ghetto c’est l’ghetto... Le béton pour l’ghetto
9%
Qui a peur de nous On vit même pas a notre prime
2%
Aucun quiz correspondant
Distribution des résultats
% des personnes avec chaque résultat
Percentile par nombre de réponses
Votre historique - résultats
Vous n’avez pas pris ce quiz